000 00344nam a22001457a 4500
003 OSt
008 220614b ||||| |||| 00| 0 eng d
082 _a004 SAI
100 _aSARGUNAR, Jennifer
245 _aIntroduction To Information Technology
250 _a2nd
260 _aNew Delhi
_bPearson
_c2012
300 _a757
942 _2ddc
_cBK
999 _c11362
_d11362